Las plantas crasas; cultivo, tratamiento, cuidados /
Guardado en:
| Autor Principal: | |
|---|---|
| Formato: | Libro |
| Publicado: |
Barcelona :
De Vecchi,
1974
|
| Materias: | |
| Etiquetas: |
Agregar Etiqueta
Sin Etiquetas, Sea el primero en etiquetar este registro!
|
| LEADER | 00555nam a22001815a 4500 | ||
|---|---|---|---|
| 001 | CEM.cems016637 | ||
| 005 | 20091222165256.0 | ||
| 008 | 130507s1974##################000#0#####d | ||
| 003 | CEMS | ||
| 082 | 0 | 4 | |a 583.47 |
| 100 | 1 | |a Fici, Ana María | |
| 245 | 1 | 0 | |a Las plantas crasas; cultivo, tratamiento, cuidados / |c Ana María Fici, |
| 260 | |a Barcelona : |b De Vecchi, |c 1974 | ||
| 300 | |a 143 p. | ||
| 653 | |a Plantas crasas | ||
| 653 | |a Plantas crasas-cultivo | ||
| 653 | |a Plantas crasas-enfermedades | ||
| 859 | |a CEMS |b BIB. CEMS - Agricultura |h 583.47 |i F445 |p A10951.82 |t Ej.1 | ||
